000 01201 a2200217 4500
005 2008092209439.0
008 080922t xxu||||| |||| 00| 0 hin d
010 _aHIN-81239
020 _a8178793679
_c195.00
035 _aHN-53585
037 _bD.B.Act / Pub
082 _a796.48076
100 _aवैध,राजेश
245 _aओलंपिक प्रश्नोत्तरी /
_cराजेश वैध
246 _aOlympic prashonttari
_bby Rajesh Vaidhya
260 _aनई दिल्ली
_bस्पोट्र्स पब्लिकेशन
_c2006
270 _aजी-6,23/23बी ई एम सी ए हाऊस,अंसारी रोड,दरियागंज
_bनई दिल्ली
_e110002
_k(ऑ)65749511,66326118 (नि)27562163(मो.)9868028838
_l011-23240261
_mlakshaythani@hotmail.com
300 _a108पृ
_c22सेमी(सजिल्द)
942 _adpl
_cHN
_k796.48076 / वैधरा
_2ddc
_h796.48076
_mवैधरा
999 _c8119
_d8119